| 000 | 00912cam a2200265 a 4500 | ||
|---|---|---|---|
| 005 | 20170105102341.0 | ||
| 008 | 110405s2011 dcuab b 001 0 eng | ||
| 020 | _a9781597979825 | ||
| 020 | _a9781597979832 | ||
| 040 |
_aDLC _cDLC _dDLC |
||
| 082 | 0 | 0 |
_a954.9105 _222 |
| 100 | 1 | _aFarwell, James P. | |
| 245 | 1 | 4 |
_aThe Pakistan cauldron: conspiracy assassination & instability _cJames P. Farwell ; foreword by Joseph D. Duffey. |
| 250 | _a1st ed. | ||
| 260 |
_aWashington, D.C. : _bPotomac Books, _cc2011. |
||
| 300 |
_axx, 331 p. : _bill., map ; _c24 cm. |
||
| 504 | _aIncludes bibliographical references (p. 319-322) and index. | ||
| 600 | 1 | 0 |
_aKhan, A. Q. _d1936- |
| 600 | 1 | 0 | _aBhutto, Benazir, |
| 600 | 1 | 0 | _aMusharraf, Pervez. |
| 650 | 0 |
_aCommunication in politics _zPakistan. |
|
| 650 | 0 |
_aPolitical leadership _zPakistan. |
|
| 651 | 0 |
_aPakistan _xPolitics and government _y1988- |
|
| 942 |
_2ddc _cBK |
||
| 999 |
_c11504 _d11504 |
||